LEADER 04550nam 2200649 450 001 9910459904603321 005 20200520144314.0 010 $a3-03826-685-X 035 $a(CKB)3710000000281204 035 $a(EBL)1910998 035 $a(SSID)ssj0001406834 035 $a(PQKBManifestationID)11788892 035 $a(PQKBTitleCode)TC0001406834 035 $a(PQKBWorkID)11408736 035 $a(PQKB)10324849 035 $a(MiAaPQ)EBC1910998 035 $a(Au-PeEL)EBL1910998 035 $a(CaPaEBR)ebr10986834 035 $a(OCoLC)899148337 035 $a(EXLCZ)993710000000281204 100 $a20141201h20142014 uy| 0 101 0 $aeng 135 $aur|n|---||||| 181 $ctxt 182 $cc 183 $acr 200 10$a13th International Ceramics Congress $eproceedings of the 13th International Ceramics Congress, part of CIMTEC 2014-13th International Ceramics Congress and 6th Forum on New Materials, June 8-13, 2014, Montecatini Terme, Italy. Part C /$fedited by Pietro Vincenzini, World Academy of Ceramics and National Research Council, Italy ; co-edited by Ali Erdemir, Argonne National Laboratory, USA [and three others] 210 1$aFaenza, Italy :$cTTP,$d[2014] 210 4$dİ2014 215 $a1 online resource (168 p.) 225 1 $aAdvances in science and technology,$x1662-8969 ;$vvolume 89 300 $aDescription based upon print version of record. 311 $a3-03835-301-9 320 $aIncludes bibliographical references and index. 327 $a13th International Ceramics Congress - Part C; Preface; Table of Contents; Chapter 1: Materials for Tribology Applications; Novel Super-Elastic Materials for Advanced Bearing Applications; Tribological Behaviour of Ceramic Hip Replacements; Carbon Based Coatings for Hermetic Compressor Applications; Effect of Different Form of Carbon Addition on the Wear Behaviour of Copper Based Composites; Chapter 2: High and Ultra High Temperature Ceramics; Amorphization, Field Activated Sintering and Superplastic Forming of UHTCs; Nonoxide High-Melting Point Compounds as Materials for Extreme Conditions 327 $aReaction Bonded Si3N4 (RBSN)/BN Composites for Industrial ApplicationsDevelopment and Processing of SiAlON Nano-Ceramics by Spark Plasma Sintering; Two-Step Pressureless Sintering of Silicon Carbide-Based Materials; Dispersion of Carbon Nanotubes in Alumina Using a Novel Mixing Technique and Spark Plasma Sintering of the Nanocomposites with Improved Fracture Toughness; Corrosion of Polymer-Derived Ceramics in Hydrofluoric Acid and Sodium Salts; Fracture Mechanics of Y2O3 Ceramics at High Temperatures; Development of Cordierite Ceramics from Natural Raw Materials 327 $aFirst Principles Calculations of Interfaces in Ultra High Temperature CeramicsInfluence of B4C, SiC and Si3N4 Additions on Microstructures and Selected Properties of Titanium Nitride Matrix Materials Obtained by HPHT Method; Chapter 3: Max Phases; Critical Review of the Oxidation of Cr2AlC; Study of the Thermal Stability and Mechanical Characteristics of MAX Phases of Ti-Al-C(N) System and their Solid Solutions; Chapter 4: Fiber Composites; Heat-Resistant Inorganic Fibers; Poly-Siloxane Impregnation and Pyrolysis of Basalt Fibers for the Cost-Effective Production of CFCCs 327 $aMultilayered Fiber-Reinforced Oxide Composites Produced by Lamination of Thermoplastic PrepregsEvaluation of Wearing Properties of Polyamide 66 Containing Glass Wool; Keywords Index; Authors Index 330 $aCollection of selected, peer reviewed papers from the 13 th International Ceramics Congress, part of CIMTEC 2014-13 th International Ceramics Congress and 6 th Forum on New Materials, June 8-13, 2014, Montecatini Terme, Italy. The 21 papers are grouped as follows: Chapter 1: Materials for Tribology Applications, Chapter 2: High and Ultra High Temperature Ceramics, Chapter 3: Max Phases, Chapter 4: Fiber Composites. 410 0$aAdvances in science and technology ;$vv. 89. 606 $aCeramics$vCongresses 606 $aCeramic materials$vCongresses 606 $aCeramic engineering$vCongresses 608 $aElectronic books. 615 0$aCeramics 615 0$aCeramic materials 615 0$aCeramic engineering 676 $a620.14 702 $aVincenzini$b P.$f1939- 702 $aErdemir$b A. 801 0$bMiAaPQ 801 1$bMiAaPQ 801 2$bMiAaPQ 906 $aBOOK 912 $a9910459904603321 996 $a13th International Ceramics Congress$92049596 997 $aUNINA LEADER 03198nam 2200769 a 450 001 9910786205603321 005 20200520144314.0 010 $a1-84779-134-4 024 7 $a10.7765/9781847791344 035 $a(CKB)2670000000276691 035 $a(EBL)1069515 035 $a(OCoLC)818847208 035 $a(SSID)ssj0000799970 035 $a(PQKBManifestationID)12343579 035 $a(PQKBTitleCode)TC0000799970 035 $a(PQKBWorkID)10765580 035 $a(PQKB)11304304 035 $a(OCoLC)957515063 035 $a(MdBmJHUP)muse77756 035 $a(Au-PeEL)EBL1069515 035 $a(CaPaEBR)ebr10623293 035 $a(CaONFJC)MIL843765 035 $a(MiAaPQ)EBC1069515 035 $a(DE-B1597)659665 035 $a(DE-B1597)9781847791344 035 $a(EXLCZ)992670000000276691 100 $a20121129d2006 uy 0 101 0 $aeng 135 $aur|n|---||||| 181 $ctxt 182 $cc 183 $acr 200 10$aReflections on the Marxist theory of history$b[electronic resource] /$fPaul Blackledge 210 $aManchester $cManchester University Press$d2006 215 $a1 online resource (233 p.) 225 0 $aIssues in Historiography MUP 300 $aIncludes index. 311 $a0-7190-6957-2 311 $a0-7190-6956-4 320 $aIncludes bibliographical references and index. 327 $a9780719069567; 9780719069567; Contents; Preface and acknowledgements; 1 Marxism and history; 2 Marx, Engels and historical materialism; 3 Historical materialism: from the Second to the Third International; 4 Modes of production and social transitions; 5 Structure, agency and the struggle for freedom; 6 The present as history: Marxism and post-modernity; Index 330 $aA decade after Francis Fukuyama announced the 'End of History', anti-capitalist demonstrators at Seattle and elsewhere have helped reinvigorate the Left with the reply 'another world is possible'. More than anyone else it was Marx who showed that slogans such as this were no utopian fantasies, and that capitalism was just as much a historical mode of production, no more natural and certainly no less contradictory, than were the feudal and slave modes which proceeded it. Paul Blackledge opens this study with a defence of the Marxist approach to the study of history against what he argues as bei 410 0$aIssues in Historiography 606 $aHistorical materialism 610 $aEngels' theory of history. 610 $aMarxism. 610 $aMarxist historiography. 610 $aMarxist theory of history. 610 $aStalinism. 610 $aanti-capitalist movement. 610 $aanti-war movement. 610 $acapitalism. 610 $amode of production. 610 $apost-modern world. 610 $apost-modernist approaches. 610 $arelations of production. 615 0$aHistorical materialism. 676 $a335.4119 676 $a901 700 $aBlackledge$b Paul$0503983 801 0$bMiAaPQ 801 1$bMiAaPQ 801 2$bMiAaPQ 906 $aBOOK 912 $a9910786205603321 996 $aReflections on the Marxist theory of history$93780142 997 $aUNINA